• 首页
  • 本馆介绍
  • 公告通知
  • 最新文献
  • 馆藏检索
  • 电子资源
  • 读者导购
  • 参考咨询
  • 我的图书馆
  • 登录
  • 详细信息显示
  • 放入我的书架
  • 预约/预借图书
  • 作者相关作品
  • 分类相关作品
  • 丛书相关作品
  • 出版社相关作品

书目信息

  • 表格格式
  • 工作单格式
  • 卡片格式
题名:
世界十大文豪
    
 
作者: 童一秋 主编
分册:   莎士比亚
出版信息: 长春   吉林文史出版社  2003
页数: 310页
开本: 20cm
丛书名:
单 册:
中图分类: K815.6 , K835.615.6=332
科图分类:
主题词: 作家--列传--世界 , 作家
电子资源:
ISBN: 7-80626-871-5
000 00949nam0 2200277 450
001 1263302656
005 20121006173549.46
010    @a7-80626-871-5@b精装@dCNY36.00
100    @a20030718d2003 em y0chiy50 ea
101 0  @achi
102    @aCN@b220000
105    @aa z 000yc
200 1  @a世界十大文豪@Ashi jie shi da wen hao@i莎士比亚@f童一秋主编
210    @a长春@c吉林文史出版社@d2003
215    @a310页@c图@d20cm
300    @a文学经典
330    @a本书介绍了世界大文豪莎士比亚,本书选取文学家一生中的典型事件记录其生命历程,对其一生的创作进行简介,并收录其代表作品精选,且收录共大事年表。
600  0 @a莎士比亚@c(Shakespeare, William@f1564~1616)@x传记
600  0 @a莎士比亚@c(Shakespeare, William@f1564~1616)
606 0  @a作家@x列传@y世界
606 0  @a作家
690    @aK815.6@v4
690    @aK835.615.6=332@v4
701  0 @a童一秋@Atong yi qiu@c(文史)@4主编
801  0 @aCN@bNLC@c20101222
905    @a10447@dK815.6@eJY54
    
    世界十大文豪.莎士比亚/童一秋主编.-长春:吉林文史出版社,2003
    310页:图;20cm
    文学经典
    
    ISBN 7-80626-871-5(精装):CNY36.00
    本书介绍了世界大文豪莎士比亚,本书选取文学家一生中的典型事件记录其生命历程,对其一生的创作进行简介,并收录其代表作品精选,且收录共大事年表。
●
相关链接 在E读中查询图书 在五车中查询图书 在当当中查询图书 在豆瓣中查询图书


正题名:世界十大文豪     索取号:K815.6/JY54         预约/预借

序号 登录号 条形码 馆藏地/架位号 状态 备注
1 7832136   278321362   学院路分馆/ [索取号:K815.6/JY54] 在馆    
2 7832137   278321371   学院路分馆/ [索取号:K815.6/JY54] 在馆    
3 7832138   278321380   学院路分馆/ [索取号:K815.6/JY54] 在馆    
4 7832139   278321399   学院路分馆/ [索取号:K815.6/JY54] 在馆    
唐山师范学院图书馆 欢迎您!
大连网信软件有限公司© 版权所有